Las Redes sociales y su influencia en la calidad de vida de la población migrante nicaragüense en Costa Rica /
Gardado en:
| Autor Principal: | |
|---|---|
| Outros autores: | , |
| Formato: | Tesis |
| Publicado: |
Ciudad Univeristaria "Rodrigo Facio":
UCR
|
| Etiquetas: |
Engadir etiqueta
Sen Etiquetas, Sexa o primeiro en etiquetar este rexistro!
|
MARC
| LEADER | 00000 a a2200000 04500 | ||
|---|---|---|---|
| 001 | 29533 | ||
| 003 | |||
| 040 | |a CRAI/IIS |c CRAI/IIS | ||
| 090 | |a 19274.00 | ||
| 100 | |a Arce Sandí, Ana Gabriela | ||
| 245 | |a Las Redes sociales y su influencia en la calidad de vida de la población migrante nicaragüense en Costa Rica / |c Ana Gabriela Arce Sandí ; Tatiana Vanessa Roldán Cordero ; César Villegas Herrera | ||
| 260 | |a Ciudad Univeristaria "Rodrigo Facio": |b UCR | ||
| 300 | |a 254 p |b gráficas | ||
| 502 | |a Tesis (Licenciatura en Trabajo Social) -- Universidad de Costa Rica. Facultad de Ciencias Sociales. Escuela de Trabajo Social, 2001 | ||
| 700 | |a Roldán Cordero, Tatiana Vanessa | ||
| 700 | |a Villegas Herrera, César | ||
| 999 | |c 18137 |d 18137 | ||
